书目信息 |
| 题名: |
最后的故事
|
|
| 作者: | 大漠 撰文/摄影 | |
| 分册: | ||
| 出版信息: | 北京 北京图书馆出版社 2006.10 |
|
| 页数: | 191页 | |
| 开本: | 23cm | |
| 丛书名: | ||
| 单 册: | ||
| 中图分类: | K260.9 | |
| 科图分类: | ||
| 主题词: | 社会人物--she hui ren wu--生平事迹--中国--现代 | |
| 电子资源: | ||
| ISBN: | 7-5013-3178-2 | |
| 000 | 01001nam0 2200241 450 | |
| 001 | 012010016984 | |
| 005 | 20100106153612.56 | |
| 010 | @a7-5013-3178-2@dCNY20.00 | |
| 100 | @a20061219d2006 km y0chiy0120 ea | |
| 101 | 0 | @achi |
| 102 | @aCN@b110000 | |
| 105 | @aa z 000yy | |
| 106 | @ar | |
| 200 | 1 | @a最后的故事@Azui hou de gu shi@f大漠撰文、摄影@Fda mo zhuan wen、she ying |
| 210 | @a北京@c北京图书馆出版社@d2006.10 | |
| 215 | @a191页@c图@d23cm | |
| 330 | @a本书用平实的语言,讲述了一个又一个鲜活的人物故事,这些故事当成为了历史上的最后故事,最后的恭亲王爱性觉罗·毓瞻;最后的国舅郭布罗;亲历广岛原子弹;参与杀害杨虎城和小萝卜头的杨钦典;“坐山雕”的把兄弟任宝富;中山舰大陆最后的幸存者邱弈殿;日本特务张志发;“慰安妇”李凤云……用文字记录了历史。 | |
| 606 | 0 | @a社会人物@Ashe hui ren wu@x生平事迹@y中国@z现代 |
| 607 | @a中国@Azhong guo@x现代史@j通俗读物 | |
| 690 | @aK260.9@v4 | |
| 701 | 0 | @a大漠@Ada mo@4撰文/摄影 |
| 801 | 0 | @aCN@bQSSK@c20100106 |
| 905 | @b771700-02@dK260.9@eD068@f3 | |
| 最后的故事/大漠撰文、摄影.-北京:北京图书馆出版社,2006.10 |
| 191页:图;23cm |
| ISBN 7-5013-3178-2:CNY20.00 |
| 本书用平实的语言,讲述了一个又一个鲜活的人物故事,这些故事当成为了历史上的最后故事,最后的恭亲王爱性觉罗·毓瞻;最后的国舅郭布罗;亲历广岛原子弹;参与杀害杨虎城和小萝卜头的杨钦典;“坐山雕”的把兄弟任宝富;中山舰大陆最后的幸存者邱弈殿;日本特务张志发;“慰安妇”李凤云……用文字记录了历史。 |
| ● |
| 相关链接 |
|
|
|
正题名:最后的故事
索取号:K260.9/D068
 
预约/预借
| 序号 | 登录号 | 条形码 | 馆藏地/架位号 | 状态 | 备注 |
| 1 | 771700 | 207717005 | 社科库309/309社科库 36排1列2层/ [索取号:K260.9/D068] | 在馆 | |
| 2 | 771701 | 207717014 | 社科库309/309社科库 36排1列2层/ [索取号:K260.9/D068] | 在馆 | |
| 3 | 771702 | 207717023 | 社科库309/309社科库 36排1列2层/ [索取号:K260.9/D068] | 在馆 |